Australian States and Territories - Statistics

General Stats
  • This quiz has been taken 18 times
  • The average score is 9 of 16
Answer Stats
Answer % Correct
Tasmania
100%
Victoria
93%
Western Australia
93%
New South Wales
87%
Northern Territory
87%
South Australia
87%
Queensland
80%
Australian Capital Territory
53%
Christmas Island
47%
Norfolk Island
40%
Cocos (Keeling) Islands
33%
Heard Island and McDonald Islands
33%
Ashmore and Cartier Islands
27%
Australian Antarctic Territory
27%
Coral Sea Islands
20%
Jarvis Bay Territory
20%
No matching quizzes found
Score Distribution
Percent of People with Each Score
Percentile by Number Answered
Your Score History
You have not taken this quiz